000 00678cam a22002174a 4500
001 16538071
005 20250324094918.0
008 101115s2011 maua b 001 0 eng
020 _a9780205747252
020 _a0205747256
050 0 0 _aLB2395.3
_b.S64 2011b
100 1 _aSmith, Brenda D.,
_d1944-
245 1 0 _aBridging the gap :
_bcollege reading /
_cBrenda D. Smith, LeeAnn Morris.
250 _a10th ed., Annotated instructor's ed.
260 _aBoston :
_bLongman,
_cc2011.
300 _axxvi, 614 p. :
_bill. (chiefly col.) ;
_c26 cm.
650 0 _aReading (Higher education)
650 0 _aStudy skills.
650 0 _aMorris, LeeAnn.
942 _2lcc
_cBK
_e10th Ed.
_n0
999 _c5114
_d5114